| 000 | 00500nam a2200181Ia 4500 | ||
|---|---|---|---|
| 003 | GCL | ||
| 008 | 140319s9999 xx 000 0 ara d | ||
| 040 |
_aGCL / _cGCL |
||
| 082 | 0 | 4 |
_aط _b813.01 _bم خ |
| 100 | 1 | _aمكتبة العبيكان | |
| 245 | 1 | 0 |
_aالخروف التائه / _cمكتبة العبيكان |
| 300 | _a23 ص | ||
| 490 |
_aاجمل القصص _v0 |
||
| 650 | 0 | 4 | _aالقصص العربية |
| 650 | 0 | 4 | _aالاطفال |
| 650 | 0 | 4 | _aقصص الاطفال |
| 942 |
_2ddc _cBK |
||
| 999 |
_c51279 _d51279 |
||